Statistics for Memes (again)

Click here to take the quiz!

General Stats

  • This quiz has been taken 87 times
  • The average score is 4 of 135

Answer Stats

Year/decadeAnswer% Correct
2014F
46%
2023Skibidi Toilet
34%
2013Doge
27%
2008troll
27%
2023Napoleon
24%
2011Nyan cat
24%
2023Smurf cat
22%
2015Dab
15%
1994dancing baby
10%
2016Harambe
10%
2015Dat boi
9%
2012Grumpy cat
9%
1994LOL
9%
2021Rizz
9%
2017Ugandan Knuckles
9%
2018Among Us
7%
2012Gangnam Style
7%
2023Gyatt
7%
2018Big chungus
6%
2014FNAF
6%
2023Grimace Shake
6%
2021Amogus
4%
2009Annoying Orange
4%
2007keyboard cat
4%
2017Mrbeast
4%
2007Rickrolling
4%
2012sanic
4%
2010Wojak
4%
2007Charlie bit my finger
3%
2022Chris rock
3%
2019Dream
3%
2006FRED
3%
2011Friday
3%
2004Numa Numa
3%
2023Sticking out your gyatt
3%
2012Bad luck Brian
1%
2018Bongo cat
1%
2016Bottle Flipping
1%
2012Call me maybe
1%
2009Creeper
1%
2017Fidget Spinner
1%
2017Floss
1%
2022Griddy
1%
1994hamster dance
1%
2013Harlem shake
1%
2006Ievan polka
1%
2021Low
1%
2014Markiplier
1%
2023Monday left me broken
1%
2021Mr. Incredible Becoming Uncanny
1%
2001Nightcore
1%
2011NNN
1%
2008No God please no
1%
2019Ok boomer
1%
2023Oppenheimer
1%
2018Pewdiepie vs T series
1%
2010PogChamp
1%
2005Running in the 90s
1%
2003Star wars kid
1%
2016This is fine
1%
2007this is SPARTA
1%
2000UwU
1%
2015Whip and nae nae
1%
20034chan
0%
2012Aint nobody got time for that
0%
2023AI SpongeBob
0%
2023Album cover
0%
2006Angry German kid
0%
2021Astronaut in the ocean
0%
2014Astronomia
0%
2016Baby shark
0%
2019Backrooms
0%
2023Ballin
0%
2023Barbie
0%
2018B**ch Lasagna
0%
2016Bee movie
0%
2016Biggie Cheese
0%
2018Bitconnect
0%
2018Blahaj
0%
2021But if you close your eyes
0%
2017Cash me outside
0%
2023CG5
0%
2018Crab rave
0%
2007Crank that (Soulja boy)
0%
2020Dame da nai
0%
2018Dame to cosita
0%
2017Despacito
0%
2021Devious Lick
0%
2017Distracted boyfriend
0%
2010Double rainbow
0%
2012Dumb ways to die
0%
2021Face off
0%
2017Fireflies
0%
2017Flex Seal
0%
2013Florida man
0%
2005Gay Bowser
0%
2011Have you ever had a dream
0%
2014Ice bucket challenge
0%
2007Im a gummy bear
0%
2006ITS OVER 9000
0%
2004JibJab
0%
2022Jiggle jiggle
0%
2017Karen
0%
2015Laser kiwi
0%
2005Leeroy Jenkins
0%
2018Ligma
0%
2018Lofi Girl
0%
2018Logan Paul forest
0%
2016Mannequin
0%
2005Me at the zoo
0%
2010Mii channel
0%
2010Minions
0%
2022Morbius
0%
2016NPC
0%
2007Obama
0%
2022Ok i pull up
0%
2018Old town road
0%
2003O RLY?
0%
2016PPAP
0%
2018Ricardo Milos
0%
2014Sandstorm
0%
2015Sans
0%
2007SCP
0%
2014Shake it off
0%
2012Shreks fandom
0%
2020Sleepy Joe
0%
2009Slenderman
0%
2002Spiderman
0%
2014Starter packs
0%
2015The dress
0%
2010T pose
0%
2000Waluigi
0%
2021Wellerman
0%
2013What does the fox say
0%
2022Whopper Whopper
0%

Score Distribution

Percentile by Number Answered

Percent of People with Each Score

Your Score History

You have not taken this quiz